|
|
|
|
| LEADER |
03392nam a2200565 4500 |
| 001 |
978-3-030-12018-4 |
| 003 |
DE-He213 |
| 005 |
20191022073000.0 |
| 007 |
cr nn 008mamaa |
| 008 |
190122s2019 gw | s |||| 0|eng d |
| 020 |
|
|
|a 9783030120184
|9 978-3-030-12018-4
|
| 024 |
7 |
|
|a 10.1007/978-3-030-12018-4
|2 doi
|
| 040 |
|
|
|d GrThAP
|
| 050 |
|
4 |
|a QA76.758
|
| 072 |
|
7 |
|a UMZ
|2 bicssc
|
| 072 |
|
7 |
|a COM051230
|2 bisacsh
|
| 072 |
|
7 |
|a UMZ
|2 thema
|
| 072 |
|
7 |
|a UL
|2 thema
|
| 082 |
0 |
4 |
|a 005.1
|2 23
|
| 245 |
1 |
0 |
|a Computer and Communication Engineering
|h [electronic resource] :
|b First International Conference, ICCCE 2018, Guayaquil, Ecuador, October 25-27, 2018, Proceedings /
|c edited by Miguel Botto-Tobar, Julio Barzola-Monteses, Eduardo Santos-Baquerizo, Mayken Espinoza-Andaluz, Wendy Yánez-Pazmiño.
|
| 250 |
|
|
|a 1st ed. 2019.
|
| 264 |
|
1 |
|a Cham :
|b Springer International Publishing :
|b Imprint: Springer,
|c 2019.
|
| 300 |
|
|
|a XII, 169 p. 138 illus., 66 illus. in color.
|b online resource.
|
| 336 |
|
|
|a text
|b txt
|2 rdacontent
|
| 337 |
|
|
|a computer
|b c
|2 rdamedia
|
| 338 |
|
|
|a online resource
|b cr
|2 rdacarrier
|
| 347 |
|
|
|a text file
|b PDF
|2 rda
|
| 490 |
1 |
|
|a Communications in Computer and Information Science,
|x 1865-0929 ;
|v 959
|
| 520 |
|
|
|a This book constitutes the proceedings of the First International Conference on Computer and Communication Engineering, ICCCE 2018, held in Guayaquil, Ecuador, in October 2018. The 12 full papers presented were carefully reviewed and selected from 68 submissions. The papers deal with topics such as networking protocols and performance; software engineering; information systems; and computational intelligence. They are organized in the following topical headings: communications; and computer and software engineering.
|
| 650 |
|
0 |
|a Software engineering.
|
| 650 |
|
0 |
|a Artificial intelligence.
|
| 650 |
|
0 |
|a Computers.
|
| 650 |
|
0 |
|a Computer organization.
|
| 650 |
1 |
4 |
|a Software Engineering/Programming and Operating Systems.
|0 http://scigraph.springernature.com/things/product-market-codes/I14002
|
| 650 |
2 |
4 |
|a Artificial Intelligence.
|0 http://scigraph.springernature.com/things/product-market-codes/I21000
|
| 650 |
2 |
4 |
|a Theory of Computation.
|0 http://scigraph.springernature.com/things/product-market-codes/I16005
|
| 650 |
2 |
4 |
|a Computer Systems Organization and Communication Networks.
|0 http://scigraph.springernature.com/things/product-market-codes/I13006
|
| 700 |
1 |
|
|a Botto-Tobar, Miguel.
|e editor.
|0 (orcid)0000-0001-7494-5224
|1 https://orcid.org/0000-0001-7494-5224
|4 edt
|4 http://id.loc.gov/vocabulary/relators/edt
|
| 700 |
1 |
|
|a Barzola-Monteses, Julio.
|e editor.
|4 edt
|4 http://id.loc.gov/vocabulary/relators/edt
|
| 700 |
1 |
|
|a Santos-Baquerizo, Eduardo.
|e editor.
|4 edt
|4 http://id.loc.gov/vocabulary/relators/edt
|
| 700 |
1 |
|
|a Espinoza-Andaluz, Mayken.
|e editor.
|4 edt
|4 http://id.loc.gov/vocabulary/relators/edt
|
| 700 |
1 |
|
|a Yánez-Pazmiño, Wendy.
|e editor.
|4 edt
|4 http://id.loc.gov/vocabulary/relators/edt
|
| 710 |
2 |
|
|a SpringerLink (Online service)
|
| 773 |
0 |
|
|t Springer eBooks
|
| 776 |
0 |
8 |
|i Printed edition:
|z 9783030120177
|
| 776 |
0 |
8 |
|i Printed edition:
|z 9783030120191
|
| 830 |
|
0 |
|a Communications in Computer and Information Science,
|x 1865-0929 ;
|v 959
|
| 856 |
4 |
0 |
|u https://doi.org/10.1007/978-3-030-12018-4
|z Full Text via HEAL-Link
|
| 912 |
|
|
|a ZDB-2-SCS
|
| 950 |
|
|
|a Computer Science (Springer-11645)
|